=LDR 00000nam 2200000 4500 =001 NUTBA000000000000387 =005 20201207095126 =035 ##$$a 0010-031400000000386 =008 201207################g##########0#ind## =082 ##$$a 330.9 =090 ##$$a 330.9 Pan b =100 1#$$a Panglaykim, Jusuf =245 1#$$a Bisnis Internasional dalam lingkungan yang sedang berubah /$c Jusuf Panglaykim =260 ##$$a Jakarta :$b Sinar Harapan,$c 1985 =300 ##$$a 195 hlm ; $c 19 x 13 cm =084 ##$$a 330.9 PAN b =250 ##$$a cet.1 =650 #4$$a Bisnis internasional =990 ##$$a 00088130